Historia : américa y europa entre los siglos xiv y xviii /

Guardado en:
Autor Principal: Privitellio, Luciano de
Otros Autores: Alabart, Mónica, Galimberti, Agustín, Orlando, Romina, Paviotti, María, Pyke, Jorge, Sá, Inés, Seldes, Verónica
Formato: Libro
Publicado: Buenos Aires : Santillana, 2013
Series:Conocer +
Materias:
Etiquetas: Agregar Etiqueta
Sin Etiquetas, Sea el primero en etiquetar este registro!
LEADER 01212nam a22002895a 4500
001 CEM.cems014978
005 20181023174311.0
008 130507s2013##################000#0#####d
003 CEMS
020 |a 9789504631712 
082 0 4 |a Z940.2 
100 1 |a Privitellio, Luciano de 
245 1 0 |a Historia :  |b américa y europa entre los siglos xiv y xviii /  |c Luciano de Privitellio 
260 |a Buenos Aires :  |b Santillana,  |c 2013 
300 |a 240 p. 
490 0 |a Conocer + 
505 0 |a Los pueblos originarios de América -- El final de la Edad media en Europa -- Surgimiento de la modernidad europea -- La expansión europea -- La conquista europea de América -- El cisma protestante y las monarquías centralizadas -- Los Estados absolutistas en Europa -- Europa en el siglo XVII -- Los gobiernos coloniales -- La sociedad hispano-colonial -- El sistema económico colonial 
653 |a Historia 
653 |a Historia moderna 
700 1 |a Alabart, Mónica 
700 1 |a Galimberti, Agustín 
700 1 |a Orlando, Romina 
700 1 |a Paviotti, María 
700 1 |a Pyke, Jorge 
700 1 |a Sá, Inés 
700 1 |a Seldes, Verónica 
859 |a CEMS  |b BIB. CEMS - 11 de abril  |h Z940.2  |i P939-1  |p 27658.18  |t Ej.1